Distribución del ingreso y democracia

Bewaard in:
Bibliografische gegevens
Hoofdauteur: Múñoz, Oscar
Formaat: Texto
Gepubliceerd in: San José :
Onderwerpen:
Tags: Voeg label toe
Geen labels, Wees de eerste die dit record labelt!

MARC

LEADER 00000 a a2200000 04500
001 15561
003
040
090 |a 029600  
100 |a Múñoz, Oscar  
245 |a Distribución del ingreso y democracia  
260 |a San José :  
300 |a 46 p.  
650 |a DISTRIBUCION DEL INGRESO  
650 |a DEMOCRACIA  
999 |c 10964  |d 10964